Efectos de la introducción de especies arbóreas (Eucalyptus camandulensis) sobre las características y propiedades de los suelos de la región semiárida pampeana, un caso de estudio /

Guardado en:
Autor Principal: Castagnari, Fernando.
Autor Corporativo: Universidad Nacional del Sur. Departamento de Agronomía.
Otros Autores: Elizaga, Adolfo.
Formato: Libro
Idioma:Spanish
Publicado: Bahía Blanca, 2004.
Etiquetas: Agregar Etiqueta
Sin Etiquetas, Sea el primero en etiquetar este registro!
LEADER 00907nam a22001815a 4500
001 EEA.libagro007377
005 20180522115918.0
008 130809s2004####ag#a##########000#0#spa#d
082 0 4 |a 631.47 
100 1 |a Castagnari, Fernando. 
245 1 0 |a Efectos de la introducción de especies arbóreas (Eucalyptus camandulensis) sobre las características y propiedades de los suelos de la región semiárida pampeana, un caso de estudio /  |c Fernando Castagnari, Adolfo Elizaga. 
260 |a Bahía Blanca,  |c 2004. 
300 |a 59 h. :  |b il. ;  |c 30 cm. 
500 |a Trabajo final (Técnico Superior Agrario en Suelos y Aguas) -- Universidad Nacional del Sur. Departamento de Agronomía, 2004. 
700 1 |a Elizaga, Adolfo. 
710 2 |a Universidad Nacional del Sur.  |b Departamento de Agronomía. 
859 |a AR-BbBCA  |b BIB. AGRONOMIA  |h 631.47  |i C346  |p 2005/4748 
859 |a AR-BbBCA  |b BIB. AGRONOMIA  |h 631.47  |i C346  |p 2005/4749  |t Ej.2